Equipos Mundial de Clubes - Estadísticas

Estadísticas generales
  • Esta prueba ha sido intentada 103 veces
  • La puntuación promedio es 25 de 32
Estadísticas de respuestas
Respuesta % Correcto
Real Madrid
94%
Manchester City
91%
Paris Saint-Germain
91%
Botafogo
90%
Chelsea
90%
River Plate
90%
Boca Juniors
89%
Atlético Madrid
89%
Inter Miami
89%
Inter Milán
89%
Al-Hilal
88%
Bayern Múnich
88%
Borussia Dortmund
88%
Juventus
88%
Oporto
87%
Palmeiras
87%
Benfica
85%
Flamengo
82%
Fluminense
78%
Monterrey
78%
Pachuca
78%
Los Angeles FC
73%
Al Ahly
72%
Auckland City
70%
Salzburgo
70%
Seattle Sounders
70%
AL Ain
61%
Mamelodi Sundowns
57%
Urawa Red Diamonds
57%
Ulsan
50%
Wydad
46%
Sportive de Tunis
13%
No se encontraron pruebas coincidentes
Distribución de puntuación
Porcentaje de gente con cada puntuación
Porcentaje por número respondido
Historial de tus puntuaciones
No has intentado esta prueba.